000 00711nam a2200217 i 4500
001 84742
003 ES-MaACL
005 20230906175106.0
007 t|
008 041123s1964 sp ||||1| cat d
100 1 _aJenny, Henry.
_966310
245 1 2 _aL'anuncí de l'Evangelí pels camins del món
_b: de Jerusalem a Roma : Lectura dels Actes dels Apóstols /
_cHenry Jenny ; traductor, Just M. Llorens.
250 _a[1ª ed.].
260 _aBarcelona :
_bEstela,
_c[1964]
300 _a157 p. ;
_c17 cm.
490 1 _aConéixer la Biblia ;
_v3
700 1 _aLlorens, Just M.
_972877
830 0 _aConéixer la Biblia ;
_v3
_9183837
852 _aES-MaACL
_jC-25662
_bR.54202
999 _c84742
_d84742